000
00315nam a2200121Ia 4500
999
_c
10885
_d
10885
008
191201s2007 xx 000 0 und d
100
_a
GHOSH, G.K.
245
0
_a
IKAT Textiles of India
260
_a
New Delhi
_b
APH Pub
_c
2014
300
_a
145
650
_a
Bachelor of Fashion and Apparel Design
942
_2
ddc
_c
BK